000 00812nam a2200205 i 4500
001 69135
003 ES-MaACL
005 20250817034231.0
007 t|
008 040914n19001930fr ||||1| fre d
245 0 3 _aLa révolution de juillet (25 juillet-16 août 1830)
_b: impressions et récits contemporains (mémoires d'Alex. Mazas, chronique de Rozet) /
_cpubliés avec une introduction, deux notices, des appendices, par Raymond Lécuyer, et illustrés d'après les documents du temps.
260 _aParis :
_bArthème Fayard,
_c[19--?]
300 _a159 p. ;
_c24 cm.
490 1 _aMémoires et souvenirs
700 1 _aLécuyer, Raymond.
_971129
700 1 _aMazas, Alexandre.
_979466
830 0 0 _aMémoires et souvenirs
_9183261
852 _aES-MaACL
_jC-1108
999 _c69135
_d69135